000 00319nam a22001337a 4500
041 _aEnglish
082 _a239.8 BEN
100 _aChristianity and Communism Today
245 _aBennett, John C.
260 _aNew York
_bAssociation Press
_c1948
300 _a188
650 _aChristianity and Communism
942 _cBK
999 _c20942
_d20942